[Event "Kishinev ULIM Cup"]
[Site "Kishinev"]
[Date "2005.10.14"]
[Round "7"]
[White "Semchiv, Evgenii"]
[Black "Ivanov, Evgeny"]
[Result "0-1"]
[WhiteElo "1895"]
[BlackElo "2044"]
[PlyCount "58"]
[EventDate "2005.10.08"]
[EventType "swiss"]
[EventRounds "9"]
[EventCountry "MDA"]
[SourceTitle "CBM 108 Extra"]
[Source "ChessBase"]
[SourceDate "2005.11.04"]
[SourceVersion "1"]
[SourceVersionDate "2005.11.04"]
[SourceQuality "1"]

1. e4 e5 2. Nf3 Nc6 3. Bb5 a6 4. Ba4 Nf6 5. 0-0 d6 6. Re1 Be7 7. c3 0-0 8. d3 b5 9. Bc2 Bb7 10. Nbd2 Qd7 11. Nf1 Nd8 12. Ng3 Ne6 13. h3 c5 14. Qe2 Bd8 15. Bd2 Bb6 16. Be3 Rac8 17. Rad1 Qc7 18. Nf5 d5 19. exd5 Nxd5 20. Bxc5 Qxc5 21. Nxe5 Ndf4 22. Qd2 Nxg2 23. d4 Qc7 24. d5 Nxe1 25. d6 Rcd8 26. Ne7+ Kh8 27. Be4 Bxe4 28. dxc7 Rxd2 29. c8Q Nf3+ 0-1